Čislennoje modelirovanije nelinejnoj fil'tracii

Gespeichert in:
Bibliographische Detailangaben
Format: Buch
Sprache:Russisch
Veröffentlicht: Taškent Fan 1989
Ausgabe:1. izd.
Tags: Tag hinzufügen
Keine Tags, Fügen Sie das erste Tag hinzu!

MARC

LEADER 00000nam a2200000 4500
001 c022230
005 20260130075524.3
041 0 |a rus 
044 |a UZ 
245 1 0 |a Čislennoje modelirovanije nelinejnoj fil'tracii  |c Nuridin Muchidinov, Muchtar Kurbanovič Sadykov 
250 |a 1. izd. 
264 1 |a Taškent  |b Fan  |c 1989 
300 |a 117 s.